00301nam a2200121Ia 4500003000400000008004100004040001600045082001900061245002200080260006100102300001100163490000500174GCL140319s9999 xx 000 0 ara d aGCL / cGCL04a817.008bا ص10aصور ضاحكة a[S.N] : bدار الكتاب اللبنانى ، c1984 a152 ص a